| 000 | 00784nam a2200217Ia 4500 | ||
|---|---|---|---|
| 001 | b646-24042 [2863] | ||
| 003 | IT-MiCISF | ||
| 008 | 161014s9999||||xx |||||||||||||| ||und|| | ||
| 040 |
_aIT-MiCISF _cIT-MiCISF |
||
| 041 | _ate | ||
| 100 | _aWebler Heinrich | ||
| 240 | _aDas Recht des unehelichen Kindes und seiner Mutter im in-und Ausland | ||
| 245 | 0 |
_aDas Recht des unehelichen Kindes und seiner Mutter im in-und Ausland _bHandbuch zur Verfolgung ihrer Rechtsanspruche mit Anhang internationale Abkommen |
|
| 250 | _a1a ed. | ||
| 260 |
_a Berlino _bCarl Heymanns Verlag _c1973 |
||
| 300 | _app. 200 | ||
| 500 | _a / bambini-a-rischio, diritti-bambino, madre-nubile, legislazione, comparazione / | ||
| 650 | _aetà -evolutiva | ||
| 942 | _cBK | ||
| 957 | _71 | ||
| 999 |
_a24042 _bsi _g1 _c210580 _d210580 |
||